Indiana Counties - Statistics

General Stats
  • This quiz has been taken 28,592 times
  • The average score is 44 of 92
Answers on the Map
Answers color-coded by a green-red scale on the quiz's map according to % correct below.
 
Answer Stats
County % Correct
Washington
78%
Lake
77%
Adams
76%
Jefferson
76%
Monroe
73%
Madison
71%
Marion
71%
Jackson
70%
Hamilton
66%
Ohio
66%
Johnson
65%
Brown
63%
Greene
63%
Franklin
62%
Allen
61%
Harrison
58%
White
58%
Wayne
57%
Clark
55%
Grant
55%
Porter
54%
Elkhart
53%
LaPorte
53%
Tippecanoe
53%
St. Joseph
51%
Boone
50%
Clay
50%
Clinton
50%
Wabash
50%
Hancock
49%
Vermillion
49%
Vigo
49%
Warren
49%
Henry
48%
Jasper
48%
Orange
48%
Switzerland
48%
Union
48%
Cass
47%
Vanderburgh
47%
Daviess
46%
Delaware
46%
Fayette
46%
Knox
46%
Montgomery
46%
Shelby
45%
Bartholomew
44%
Benton
44%
Howard
44%
Jay
44%
Morgan
44%
Crawford
43%
DeKalb
43%
Fulton
43%
Hendricks
43%
LaGrange
43%
Putnam
43%
Steuben
43%
Carroll
42%
Kosciusko
42%
Lawrence
42%
Marshall
42%
Newton
42%
Pulaski
42%
Blackford
41%
Miami
41%
Parke
41%
Perry
41%
Pike
41%
Posey
41%
Scott
41%
Tipton
41%
Decatur
40%
Floyd
40%
Dearborn
39%
Dubois
39%
Starke
39%
Fountain
38%
Jennings
38%
Martin
38%
Noble
38%
Owen
38%
Randolph
38%
Gibson
37%
Huntington
37%
Sullivan
37%
Warrick
37%
Whitley
37%
Rush
36%
Spencer
36%
Ripley
35%
Wells
35%
No matching quizzes found
Score Distribution
Percent of People with Each Score
Percentile by Number Answered
Your Score History
You have not taken this quiz